<?xml version="1.0" encoding="UTF-8"?>
<record
    xmlns:xsi="http://www.w3.org/2001/XMLSchema-instance"
    xsi:schemaLocation="http://www.loc.gov/MARC21/slim http://www.loc.gov/standards/marcxml/schema/MARC21slim.xsd"
    xmlns="http://www.loc.gov/MARC21/slim">

  <leader>00589nam a22001217a 4500</leader>
  <datafield tag="040" ind1=" " ind2=" ">
    <subfield code="c">RUA</subfield>
  </datafield>
  <datafield tag="100" ind1=" " ind2=" ">
    <subfield code="a">MIN KUNTHEA. &#x1798;&#x17B7;&#x1793;&#x200B; &#x1782;&#x1793;&#x17D2;&#x1792;&#x17B6;</subfield>
  </datafield>
  <datafield tag="245" ind1=" " ind2=" ">
    <subfield code="a">DEVELOPENT AND TESTING OF CRAFTING MACHINE FOR MAING COCONUT COIR TRAY. &#x1780;&#x17B6;&#x179A;&#x17A2;&#x1797;&#x17B7;&#x179C;&#x178C;&#x17D2;&#x1783;&#x1793;&#x17B7;&#x1784;&#x1792;&#x17D2;&#x179C;&#x17BE;&#x178F;&#x17C1;&#x179F;&#x17D2;&#x178F;&#x17A7;&#x1794;&#x1780;&#x179A;&#x178E;&#x17CD;&#x1780;&#x17C0;&#x1794;&#x179F;&#x17D2;&#x179A;&#x1780;&#x17B8;&#x178A;&#x17BC;&#x1793;&#x179F;&#x1798;&#x17D2;&#x179A;&#x17B6;&#x1794;&#x17CB;&#x1795;&#x179B;&#x17B7;&#x178F;&#x1792;&#x17D2;&#x179C;&#x17BE;&#x178F;&#x17D2;&#x179A;&#x17C1;</subfield>
  </datafield>
  <datafield tag="260" ind1=" " ind2=" ">
    <subfield code="a">Phnom Penh</subfield>
    <subfield code="b">RUA</subfield>
    <subfield code="c">2021</subfield>
  </datafield>
  <datafield tag="300" ind1=" " ind2=" ">
    <subfield code="a">XI.42P</subfield>
    <subfield code="b">VIII.</subfield>
    <subfield code="c">29CM</subfield>
  </datafield>
  <datafield tag="856" ind1=" " ind2=" ">
    <subfield code="u">https://drive.google.com/file/d/1UzBPruIONzjor9yG5gKHwJos0Nki9fHZ/view?usp=sharing</subfield>
  </datafield>
  <datafield tag="942" ind1=" " ind2=" ">
    <subfield code="c">AGE</subfield>
  </datafield>
  <datafield tag="999" ind1=" " ind2=" ">
    <subfield code="c">21926</subfield>
    <subfield code="d">21926</subfield>
  </datafield>
  <datafield tag="952" ind1=" " ind2=" ">
    <subfield code="0">0</subfield>
    <subfield code="1">0</subfield>
    <subfield code="2">ddc</subfield>
    <subfield code="4">0</subfield>
    <subfield code="6">AGE_MIN_2021_000000000000000_B659_OR</subfield>
    <subfield code="7">0</subfield>
    <subfield code="9">95676</subfield>
    <subfield code="a">LBB</subfield>
    <subfield code="b">LBB</subfield>
    <subfield code="c">B659</subfield>
    <subfield code="d">2023-09-15</subfield>
    <subfield code="o">AGE MIN 2021 B659 Or.</subfield>
    <subfield code="p">a73336</subfield>
    <subfield code="r">2023-09-15</subfield>
    <subfield code="w">2023-09-15</subfield>
    <subfield code="y">AGE</subfield>
  </datafield>
  <datafield tag="952" ind1=" " ind2=" ">
    <subfield code="0">0</subfield>
    <subfield code="1">0</subfield>
    <subfield code="2">ddc</subfield>
    <subfield code="4">0</subfield>
    <subfield code="6">AGE_MIN_2021_000000000000000_B659_OR</subfield>
    <subfield code="7">0</subfield>
    <subfield code="9">95677</subfield>
    <subfield code="a">LBB</subfield>
    <subfield code="b">LBB</subfield>
    <subfield code="c">B659</subfield>
    <subfield code="d">2023-09-15</subfield>
    <subfield code="l">1</subfield>
    <subfield code="o">AGE MIN 2021 B659 Or.</subfield>
    <subfield code="p">a73341</subfield>
    <subfield code="r">2024-04-23</subfield>
    <subfield code="s">2024-03-14</subfield>
    <subfield code="w">2023-09-15</subfield>
    <subfield code="y">AGE</subfield>
  </datafield>
  <datafield tag="952" ind1=" " ind2=" ">
    <subfield code="0">0</subfield>
    <subfield code="1">0</subfield>
    <subfield code="2">ddc</subfield>
    <subfield code="4">0</subfield>
    <subfield code="6">AGE_MIN_2021_000000000000000_B659_OR</subfield>
    <subfield code="7">0</subfield>
    <subfield code="9">95678</subfield>
    <subfield code="a">LBB</subfield>
    <subfield code="b">LBB</subfield>
    <subfield code="c">B659</subfield>
    <subfield code="d">2023-09-15</subfield>
    <subfield code="o">AGE MIN 2021 B659 Or.</subfield>
    <subfield code="p">a073992</subfield>
    <subfield code="r">2023-09-15</subfield>
    <subfield code="w">2023-09-15</subfield>
    <subfield code="y">AGE</subfield>
  </datafield>
  <datafield tag="952" ind1=" " ind2=" ">
    <subfield code="0">0</subfield>
    <subfield code="1">0</subfield>
    <subfield code="2">ddc</subfield>
    <subfield code="4">0</subfield>
    <subfield code="6">AGE_MIN_2021_000000000000000_B659_OR</subfield>
    <subfield code="7">0</subfield>
    <subfield code="9">95679</subfield>
    <subfield code="a">LBB</subfield>
    <subfield code="b">LBB</subfield>
    <subfield code="c">B659</subfield>
    <subfield code="d">2023-09-15</subfield>
    <subfield code="l">3</subfield>
    <subfield code="o">AGE MIN 2021 B659 Or.</subfield>
    <subfield code="p">a073984</subfield>
    <subfield code="r">2025-02-12</subfield>
    <subfield code="s">2025-01-24</subfield>
    <subfield code="w">2023-09-15</subfield>
    <subfield code="y">AGE</subfield>
  </datafield>
  <datafield tag="952" ind1=" " ind2=" ">
    <subfield code="0">0</subfield>
    <subfield code="1">0</subfield>
    <subfield code="2">ddc</subfield>
    <subfield code="4">0</subfield>
    <subfield code="6">AGE_MIN_2021_000000000000000_B659_OR</subfield>
    <subfield code="7">0</subfield>
    <subfield code="9">95680</subfield>
    <subfield code="a">LBB</subfield>
    <subfield code="b">LBB</subfield>
    <subfield code="c">B659</subfield>
    <subfield code="d">2023-09-15</subfield>
    <subfield code="o">AGE MIN 2021 B659 Or.</subfield>
    <subfield code="p">a073996</subfield>
    <subfield code="r">2023-09-15</subfield>
    <subfield code="w">2023-09-15</subfield>
    <subfield code="y">AGE</subfield>
  </datafield>
  <datafield tag="952" ind1=" " ind2=" ">
    <subfield code="0">0</subfield>
    <subfield code="1">0</subfield>
    <subfield code="2">ddc</subfield>
    <subfield code="4">0</subfield>
    <subfield code="6">AGE_MIN_2021_000000000000000_B659_OR</subfield>
    <subfield code="7">0</subfield>
    <subfield code="9">95681</subfield>
    <subfield code="a">LBB</subfield>
    <subfield code="b">LBB</subfield>
    <subfield code="c">B659</subfield>
    <subfield code="d">2023-09-15</subfield>
    <subfield code="o">AGE MIN 2021 B659 Or.</subfield>
    <subfield code="p">a073980</subfield>
    <subfield code="r">2023-09-15</subfield>
    <subfield code="w">2023-09-15</subfield>
    <subfield code="y">AGE</subfield>
  </datafield>
</record>
